British national formulary. (رقم التسجيلة. 34901)
[ عرض عادي ]
| 000 -الفاتح | |
|---|---|
| حقل البيانات ثابتة الطول | 00715nam a22002177a 4500 |
| 003 - محدد رقم الضبط | |
| رقم الضبط | OSt |
| 005 - وقت وتاريخ اخر تعامل مع التسجيلة | |
| رقم الضبط | 20150408114216.0 |
| 008 - عناصر البيانات ثابتة الطول - معلومات عامة | |
| حقل البيانات ثابتة الطول | 140511s2013 enk f 001 0 eng d |
| 020 ## - الرقم الدولى المعيارى للكتب | |
| الرقم الدولى المعيارى للكتاب | 9780857110848 |
| 040 ## - مصدر الفهرسة | |
| وكالة الفهرسة الأصلية | Ma-Un |
| 082 00 - رقم تصنيف ديوى العشرى | |
| رقم الطبعة | 22 |
| رقم التصنيف | 615.13 |
| رقم المادة | BRN |
| 245 00 - بيان العنوان | |
| العنوان | British national formulary. |
| رقم الجزء/قسم العمل | BNF March 2013-September 2013. |
| 260 ## - PUBLICATION, DISTRIBUTION, ETC. (IMPRINT) | |
| مكان الناشر او الموزع | London : |
| اسم الناشر او الموزع | Pharmaceutical Society of Great Britain, |
| تاريخ النشر أو التوزيع | 2013 |
| 300 ## - الوصف المادى | |
| التعداد | 1102, 14 p. ; |
| أبعاد الوعاء | 22 cm. |
| 500 ## - تبصرة عامة | |
| تبصرة عامة | Includes index. |
| 650 ## - المدخل الاضافى بالموضوع-مصطلح موضوعى | |
| مصطلح موضوعي أو اسم جغرافي كعنصر مدخل | Medicine |
| التقسيم الفرعي الشكلي | Formulae, receipts, prescriptions |
| 9 (RLIN) | 21337 |
| 650 ## - المدخل الاضافى بالموضوع-مصطلح موضوعى | |
| مصطلح موضوعي أو اسم جغرافي كعنصر مدخل | Formularies |
| التقسيم الفرعي الجغرافي | Great Britain |
| 9 (RLIN) | 44703 |
| 710 ## - المدخل الاضافى - اسم هيئه | |
| اسم الهيئة أو اسم السلطة كمدخل | British Medical Association |
| 9 (RLIN) | 44704 |
| 710 ## - المدخل الاضافى - اسم هيئه | |
| اسم الهيئة أو اسم السلطة كمدخل | Pharmaceutical Society of Great Britain |
| 9 (RLIN) | 39088 |
| 942 ## - | |
| -- | ddc |
| -- | BOOK |
| 999 ## - | |
| -- | 34901 |
| -- | 269401 |
| حالة الفقد | نموذج السعر الفعال | حالة تلف | ليس للاعارة | رقم الطلب | رقم النسخة | تاريخ الاكتساب | مصدر التزويد | Serial Enumeration / chronology | الباركود | الفرع الرئيسي | Date last seen | نوع المادة فى نظام كوها | مصدر التصنيف او خطة الترفيف | Total Checkouts |
|---|---|---|---|---|---|---|---|---|---|---|---|---|---|---|
| 2014-05-11 | Not For Loan | 615.13 BRN | 1 | 2014-05-11 | دار العرب | CL | 00210453 | المكتبة المركزية بالمجمعة (CL) | 2014-05-11 | كتاب | Dewey Decimal Classification | |||
| 2014-05-11 | 615.13 BRN | 2 | 2014-05-11 | دار العرب | CL | 00210454 | المكتبة المركزية بالمجمعة (CL) | 2014-05-11 | كتاب | Dewey Decimal Classification | ||||
| 2014-05-11 | 615.13 BRN | 3 | 2014-05-11 | دار العرب | CL | 00210455 | المكتبة المركزية بالمجمعة (CL) | 2014-05-11 | كتاب | Dewey Decimal Classification |
